[Event "Madrid-chT 2425"]
[Site "Madrid"]
[Date "2025.02.02"]
[Round "8.4"]
[White "Reyes Penas, Sebastian"]
[Black "Neagu, Roberto Florin"]
[Result "1/2-1/2"]
[WhiteElo "2220"]
[BlackElo "2197"]
[PlyCount "38"]
[GameId "2141864825957854"]
[EventDate "2024.11.24"]
[EventType "team-tourn"]
[EventRounds "14"]
[EventCountry "ESP"]
[SourceVersionDate "2011.03.15"]
[WhiteTeam "San Sebastian de los Reyes"]
[BlackTeam "Alcorcon Diagonal"]
[WhiteTeamCountry "ESP"]
[BlackTeamCountry "ESP"]

{[%evp 0,38,12,18,16,13,13,1,30,30,12,7,6,5,11,18,38,23,20,17,23,-16,31,-30,-7,-19,21,-14,-18,-26,-26,-49,-48,-77,-8,94,-5,6,1,-64,-32]} 1. Nf3 Nf6 2. c4 c5 3. g3 g6 4. Bg2 Bg7 5. O-O O-O 6. Nc3 Nc6 7. d4 d6 8. dxc5 dxc5 9. Be3 Qa5 10. Qa4 Qxa4 11. Nxa4 b6 12. h3 Bb7 13. Rad1 Nb4 14. a3 Nc2 15. Bc1 Rfd8 16. b3 Nd4 17. Nxd4 Bxg2 18. Kxg2 cxd4 19. Bb2 Ne4 1/2-1/2

[Event "Madrid-chT 2425"]
[Site "Madrid"]
[Date "2025.02.02"]
[Round "8.5"]
[White "Lozano Ramirez, Nestor Favian"]
[Black "Solanilla Olcese, Ada"]
[Result "1-0"]
[WhiteElo "2232"]
[BlackElo "1785"]
[PlyCount "41"]
[GameId "2141864825957855"]
[EventDate "2024.11.24"]
[EventType "team-tourn"]
[EventRounds "14"]
[EventCountry "ESP"]
[SourceVersionDate "2011.03.15"]
[WhiteTeam "Alcorcon Diagonal"]
[BlackTeam "San Sebastian de los Reyes"]
[WhiteTeamCountry "ESP"]
[BlackTeamCountry "ESP"]

{[%evp 0,41,22,27,19,10,11,-44,5,11,28,23,35,38,38,38,26,26,46,48,34,47,123,59,122,140,231,219,218,230,224,214,212,192,253,237,243,259,644,509,647,682,723,664]} 1. c4 e6 2. g3 Nf6 3. Bg2 d5 4. Nf3 Bd6 5. O-O c6 6. d4 Nbd7 7. Nfd2 O-O 8. Nc3 Bc7 9. e4 dxe4 10. Ndxe4 Nb6 11. Bg5 Nbd7 12. Nxf6+ gxf6 13. Bh6 f5 14. Bxf8 Nxf8 15. Re1 Ng6 16. b4 Qg5 17. d5 cxd5 18. cxd5 exd5 19. Nxd5 Bd6 20. Re8+ Kg7 21. f4 1-0

[Event "Madrid-chT 2425"]
[Site "Madrid"]
[Date "2025.02.02"]
[Round "8.6"]
[White "Penas Merino, Ramona"]
[Black "Aguilera Lopez, Alejandro"]
[Result "0-1"]
[WhiteElo "1613"]
[BlackElo "2169"]
[PlyCount "42"]
[GameId "2141864825957856"]
[EventDate "2024.11.24"]
[EventType "team-tourn"]
[EventRounds "14"]
[EventCountry "ESP"]
[SourceVersionDate "2011.03.15"]
[WhiteTeam "San Sebastian de los Reyes"]
[BlackTeam "Alcorcon Diagonal"]
[WhiteTeamCountry "ESP"]
[BlackTeamCountry "ESP"]

{[%evp 0,42,16,7,15,6,27,20,17,21,28,24,1,-6,4,4,-13,-7,-13,-7,-16,-26,-23,-20,-19,-24,4,-14,-1,-81,-87,-97,-83,54,-76,-128,-128,-36,-92,-293,-194,-426,-226,-529,-530]} 1. d4 Nf6 2. Bf4 b6 3. e3 Bb7 4. Nf3 d6 5. Bd3 Nh5 6. Bg3 Nxg3 7. hxg3 g6 8. Nbd2 Bg7 9. c3 Nd7 10. Qe2 c5 11. O-O O-O 12. Rfe1 a6 13. e4 cxd4 14. Nxd4 b5 15. Rad1 Qb6 16. N4f3 Rfc8 17. Qe3 Qxe3 18. Rxe3 Nc5 19. Bb1 Na4 20. Nb3 Nxb2 21. Rc1 Bh6 0-1

[Event "Madrid-chT 2425"]
[Site "Madrid"]
[Date "2025.02.08"]
[Round "9.1"]
[White "Martinez Reyes, Pedro Ramon"]
[Black "Blanco Diez, David"]
[Result "1/2-1/2"]
[WhiteElo "2362"]
[BlackElo "2290"]
[PlyCount "100"]
[GameId "2154865535198052"]
[EventDate "2024.11.24"]
[EventType "team-tourn"]
[EventRounds "14"]
[EventCountry "ESP"]
[SourceVersionDate "2011.03.15"]
[WhiteTeam "Blanco y Negro"]
[BlackTeam "Jaque Mate"]
[WhiteTeamCountry "ESP"]
[BlackTeamCountry "ESP"]

1. d4 d5 2. c4 e6 3. Nc3 Nf6 4. cxd5 exd5 5. Bg5 c6 6. e3 h6 7. Bh4 Bf5 8. Qf3 Be6 9. Bxf6 Qxf6 10. Qxf6 gxf6 11. Bd3 h5 12. h4 a5 13. Nh3 a4 14. a3 Nd7 15. Nf4 Bd6 16. Nce2 Ke7 17. Ng3 Bxf4 18. exf4 Nb6 19. O-O-O Kd6 20. f5 Bd7 21. Be2 Rag8 22. Rh2 Rh6 23. Nxh5 Bxf5 24. Nf4 Nc4 25. Bxc4 dxc4 26. f3 b5 27. Kd2 Rb8 28. Ke3 Re8+ 29. Kd2 Rb8 30. g4 Bd7 31. Rc1 Rg8 32. Rhh1 Be6 33. Rce1 Bd5 34. Nxd5 cxd5 35. h5 f5 36. Rhg1 fxg4 37. fxg4 f5 38. gxf5 Rxg1 39. Rxg1 Rxh5 40. Rf1 Ke7 41. f6+ Kf7 42. Rf3 Rh2+ 43. Kc3 Rg2 44. Rf5 Rg3+ 45. Kc2 Rg2+ 46. Kb1 Rg1+ 47. Kc2 Rg2+ 48. Kb1 Rg1+ 49. Ka2 Rg2 50. Kb1 Rg1+ 1/2-1/2

[Event "Madrid-chT 2425"]
[Site "Madrid"]
[Date "2025.02.08"]
[Round "9.2"]
[White "Lopez Mijail, Nicolas"]
[Black "Taboas Rodriguez, Daniel"]
[Result "0-1"]
[WhiteElo "2264"]
[BlackElo "2334"]
[PlyCount "48"]
[GameId "2143284794277968"]
[EventDate "2024.11.24"]
[EventType "team-tourn"]
[EventRounds "14"]
[EventCountry "ESP"]
[SourceVersionDate "2011.03.15"]
[WhiteTeam "Jaque Mate"]
[BlackTeam "Blanco y Negro"]
[WhiteTeamCountry "ESP"]
[BlackTeamCountry "ESP"]

1. e4 e5 2. Nf3 Nc6 3. Nc3 Nf6 4. g3 Bb4 5. Bg2 O-O 6. O-O d6 7. Re1 Bg4 8. h3 Bh5 9. Nd5 Nxd5 10. exd5 Nd4 11. c3 Bxf3 12. Bxf3 Nxf3+ 13. Qxf3 Bc5 14. d3 f5 15. Be3 Bxe3 16. Qxe3 f4 17. Qe4 Qg5 18. Kg2 Rf6 19. h4 Qg4 20. Rf1 f3+ 21. Kh2 Rf4 22. Qe3 Qh5 23. Kh3 g5 24. Rg1 Rxh4+ 0-1

[Event "Madrid-chT 2425"]
[Site "Madrid"]
[Date "2025.02.08"]
[Round "9.3"]
[White "Alarcia Astiz, Carlos"]
[Black "Torres Rebolledo, Alvaro"]
[Result "1/2-1/2"]
[WhiteElo "2252"]
[BlackElo "2266"]
[PlyCount "77"]
[GameId "2143285473198167"]
[EventDate "2024.11.24"]
[EventType "team-tourn"]
[EventRounds "14"]
[EventCountry "ESP"]
[SourceVersionDate "2011.03.15"]
[WhiteTeam "Blanco y Negro"]
[BlackTeam "Jaque Mate"]
[WhiteTeamCountry "ESP"]
[BlackTeamCountry "ESP"]

1. e4 c6 2. Nc3 d5 3. Nf3 dxe4 4. Nxe4 Nf6 5. Qe2 Na6 6. Nxf6+ gxf6 7. g3 Bg4 8. a3 Nc7 9. d3 h5 10. h3 Bxf3 11. Qxf3 h4 12. g4 Bh6 13. Bxh6 Rxh6 14. Bg2 Qd6 15. Qe3 Rg6 16. O-O-O Ne6 17. Rhe1 Rg5 18. d4 Nf4 19. Bh1 e6 20. c4 Kf8 21. Kb1 b5 22. c5 Qc7 23. Bxc6 Qxc6 24. Qxf4 Kg7 25. Re5 Rg6 26. Rh5 Qg2 27. Rxh4 Rd8 28. Rh5 e5 29. Qe3 Qc6 30. g5 exd4 31. Rxd4 Rh8 32. gxf6+ Qxf6 33. Rxh8 Kxh8 34. Rf4 Qc6 35. Qe5+ Kg8 36. Rh4 Rh6 37. Qg5+ Qg6+ 38. Qxg6+ Rxg6 39. Rg4 1/2-1/2

[Event "Madrid-chT 2425"]
[Site "Madrid"]
[Date "2025.02.08"]
[Round "9.4"]
[White "Fernandez Estremera, Fernando"]
[Black "Renteria Becerra, Jorge Elicer"]
[Result "1-0"]
[WhiteElo "2139"]
[BlackElo "2199"]
[PlyCount "85"]
[GameId "2143296124608619"]
[EventDate "2024.11.24"]
[EventType "team-tourn"]
[EventRounds "14"]
[EventCountry "ESP"]
[SourceVersionDate "2011.03.15"]
[WhiteTeam "Jaque Mate"]
[BlackTeam "Blanco y Negro"]
[WhiteTeamCountry "ESP"]
[BlackTeamCountry "ESP"]

1. d4 d5 2. Nc3 e6 3. e4 Nf6 4. Bg5 Bb4 5. e5 h6 6. Bd2 Bxc3 7. bxc3 Ne4 8. Qg4 Kf8 9. Bd3 Nxd2 10. Kxd2 c5 11. Nf3 c4 12. Be2 b5 13. h4 Nc6 14. a3 a5 15. Qf4 Rb8 16. Rhb1 Qe7 17. h5 Bd7 18. g4 Ke8 19. Qe3 Kd8 20. Ng1 Kc7 21. f4 b4 22. axb4 axb4 23. cxb4 Rxb4 24. Rxb4 Qxb4+ 25. Qc3 Qxc3+ 26. Kxc3 f6 27. exf6 gxf6 28. Nf3 e5 29. fxe5 Bxg4 30. exf6 Bxh5 31. Rh1 Bg4 32. f7 Rf8 33. Rxh6 Nd8 34. Rh4 Be6 35. Ne5 Bxf7 36. Rf4 Re8 37. Nxf7 Ne6 38. Rf2 Ra8 39. Bg4 Ng7 40. Ne5 Ne8 41. Rf7+ Kb6 42. Rf8 Ka5 43. Bd7 1-0

[Event "Madrid-chT 2425"]
[Site "Madrid"]
[Date "2025.02.08"]
[Round "9.5"]
[White "Perez Diez, Victor"]
[Black "Serrano Ruiz, Miguel"]
[Result "1-0"]
[WhiteElo "2040"]
[BlackElo "2024"]
[PlyCount "70"]
[GameId "2143297244381308"]
[EventDate "2024.11.24"]
[EventType "team-tourn"]
[EventRounds "14"]
[EventCountry "ESP"]
[SourceVersionDate "2011.03.15"]
[WhiteTeam "Blanco y Negro"]
[BlackTeam "Jaque Mate"]
[WhiteTeamCountry "ESP"]
[BlackTeamCountry "ESP"]

1. e4 c5 2. Nc3 e6 3. g3 a6 4. Bg2 b5 5. d3 Bb7 6. Be3 Nf6 7. h3 Be7 8. Nf3 d5 9. exd5 Nxd5 10. Nxd5 Bxd5 11. O-O O-O 12. Nd2 Bxg2 13. Kxg2 Nc6 14. Ne4 Qd5 15. f3 Nd4 16. Qd2 Rac8 17. Qf2 b4 18. Rfc1 f5 19. Nd2 e5 20. Bxd4 cxd4 21. Nc4 Rc6 22. Rf1 e4 23. Rae1 e3 24. Qe2 f4 25. g4 Qg5 26. Rh1 Qh4 27. Reg1 Rfc8 28. Qe1 Rxc4 29. dxc4 Rxc4 30. c3 bxc3 31. Qxh4 Bxh4 32. bxc3 Rxc3 33. Rc1 e2 34. Rhe1 Rxc1 35. Rxe2 d3 1-0

[Event "Madrid-chT 2425"]
[Site "Madrid"]
[Date "2025.02.08"]
[Round "9.6"]
[White "Cuadrado Carmona, Javier"]
[Black "Herraiz Ciudad, Miguel"]
[Result "1-0"]
[WhiteElo "2109"]
[BlackElo "1972"]
[PlyCount "43"]
[GameId "2143298225488013"]
[EventDate "2024.11.24"]
[EventType "team-tourn"]
[EventRounds "14"]
[EventCountry "ESP"]
[SourceVersionDate "2011.03.15"]
[WhiteTeam "Jaque Mate"]
[BlackTeam "Blanco y Negro"]
[WhiteTeamCountry "ESP"]
[BlackTeamCountry "ESP"]

1. e4 e6 2. d4 d5 3. Nd2 dxe4 4. Nxe4 Bd7 5. Nf3 Bc6 6. Bd3 Nd7 7. O-O Ngf6 8. Ng3 Bd6 9. c3 Bxf3 10. Qxf3 c6 11. Re1 O-O 12. Ne4 Be7 13. Bg5 Re8 14. Rad1 Nxe4 15. Bxe7 Ng5 16. Bxh7+ Kh8 17. Bxg5 Qxg5 18. Qxf7 Re7 19. Qg6 Qh4 20. Re3 Nf8 21. Qd3 Rf7 22. Rd2 1-0

[Event "Madrid-chT 2425"]
[Site "Madrid"]
[Date "2025.02.08"]
[Round "9.1"]
[White "Rottenwohrer Suarez, Juan"]
[Black "Quispe Arteaga, Gabriel"]
[Result "1/2-1/2"]
[WhiteElo "2347"]
[BlackElo "2406"]
[PlyCount "82"]
[GameId "2154865535198053"]
[EventDate "2024.11.24"]
[EventType "team-tourn"]
[EventRounds "14"]
[EventCountry "ESP"]
[SourceVersionDate "2011.03.15"]
[WhiteTeam "San Sebastian de los Reyes"]
[BlackTeam "Villalba 64"]
[WhiteTeamCountry "ESP"]
[BlackTeamCountry "ESP"]

1. d4 Nf6 2. c4 e6 3. Nf3 d5 4. Nc3 Be7 5. Bf4 c6 6. e3 Nbd7 7. Qc2 Nh5 8. Be5 Nhf6 9. Rd1 a6 10. a3 O-O 11. Bd3 h6 12. O-O dxc4 13. Bxc4 b5 14. Bd3 Bb7 15. b4 a5 16. Qb3 axb4 17. axb4 Nd5 18. Nxd5 exd5 19. Bc2 Nb6 20. Qd3 f5 21. Qc3 Nc4 22. Ra1 Qd7 23. Bf4 Qe6 24. Ne5 Nxe5 25. Bxe5 Rxa1 26. Rxa1 Ra8 27. Rxa8+ Bxa8 28. Qa3 Bb7 29. h3 Bc8 30. Bd1 Bd7 31. e4 Bf8 32. exd5 cxd5 33. Bb3 Qc6 34. Qa5 Be6 35. Qd8 Kf7 36. Kh2 Qd7 37. Qa5 Qe7 38. Qa8 Qe8 39. Qa5 Qe7 40. Qxb5 Qxb4 41. Qd3 Bd6 1/2-1/2

[Event "Madrid-chT 2425"]
[Site "Madrid"]
[Date "2025.02.08"]
[Round "9.2"]
[White "Ubilava, Elizbar"]
[Black "San Emeterio Cabanes, Jose Luis"]
[Result "0-1"]
[WhiteElo "2399"]
[BlackElo "2300"]
[PlyCount "74"]
[GameId "2143320488730675"]
[EventDate "2024.11.24"]
[EventType "team-tourn"]
[EventRounds "14"]
[EventCountry "ESP"]
[SourceVersionDate "2011.03.15"]
[WhiteTeam "Villalba 64"]
[BlackTeam "San Sebastian de los Reyes"]
[WhiteTeamCountry "ESP"]
[BlackTeamCountry "ESP"]

1. c4 Nf6 2. Nc3 g6 3. g3 Bg7 4. Bg2 O-O 5. b4 c6 6. b5 d5 7. bxc6 bxc6 8. cxd5 cxd5 9. Rb1 Bf5 10. d3 Nc6 11. Nf3 Rc8 12. O-O d4 13. Na4 Nd5 14. Rb5 Nc3 15. Nxc3 dxc3 16. Be3 a6 17. Rc5 Qd6 18. Qa4 Nd4 19. Bxd4 Rxc5 20. Bxc5 Qxc5 21. Rb1 Rc8 22. Qc2 Be6 23. e3 Qa3 24. d4 Qxa2 25. Ne1 a5 26. Be4 a4 27. Qxa2 Bxa2 28. Ra1 Bb3 29. Nc2 f5 30. Bd3 e5 31. dxe5 Bxe5 32. Rc1 Rd8 33. Nd4 Bxd4 34. exd4 Rc8 35. Kf1 a3 36. f3 a2 37. Ke2 Re8+ 0-1

[Event "Madrid-chT 2425"]
[Site "Madrid"]
[Date "2025.02.08"]
[Round "9.3"]
[White "Alfaya Marcelo, Roberto"]
[Black "Garrido Dominguez, Jesus"]
[Result "1/2-1/2"]
[WhiteElo "2225"]
[BlackElo "2398"]
[PlyCount "85"]
[GameId "2143344166494372"]
[EventDate "2024.11.24"]
[EventType "team-tourn"]
[EventRounds "14"]
[EventCountry "ESP"]
[SourceVersionDate "2011.03.15"]
[WhiteTeam "San Sebastian de los Reyes"]
[BlackTeam "Villalba 64"]
[WhiteTeamCountry "ESP"]
[BlackTeamCountry "ESP"]

1. d4 d6 2. Nf3 Nd7 3. e4 e5 4. c3 Ngf6 5. Bd3 Be7 6. O-O O-O 7. Re1 c6 8. Nbd2 Re8 9. Nf1 Bf8 10. Ng3 g6 11. h3 Qc7 12. Bg5 Bg7 13. Qd2 Nf8 14. a4 Kh8 15. a5 Ng8 16. dxe5 dxe5 17. Bc4 Be6 18. Qe2 b5 19. axb6 axb6 20. Be3 b5 21. Bxe6 Nxe6 22. Qc2 Bh6 23. Bxh6 Nxh6 24. Nh2 Kg7 25. Nhf1 Ng8 26. Ne3 h5 27. h4 Nf6 28. Ngf1 Nc5 29. f3 Qe7 30. g3 Qe6 31. Kg2 Red8 32. Red1 Qe7 33. b4 Ne6 34. Ra2 Rac8 35. Ra5 Rc7 36. Rxd8 Qxd8 37. Qe2 Rd7 38. Ra2 Qb8 39. Rd2 Rc7 40. Qd3 Rd7 41. Qe2 Rc7 42. Qd3 Rd7 43. Qe2 1/2-1/2

[Event "Madrid-chT 2425"]
[Site "Madrid"]
[Date "2025.02.08"]
[Round "9.4"]
[White "Martinez Conde Hernandez, Carlos"]
[Black "Marcos Trejo, Mateo"]
[Result "1-0"]
[WhiteElo "2253"]
[BlackElo "1534"]
[PlyCount "57"]
[GameId "2143347902247106"]
[EventDate "2024.11.24"]
[EventType "team-tourn"]
[EventRounds "14"]
[EventCountry "ESP"]
[SourceVersionDate "2011.03.15"]
[WhiteTeam "Villalba 64"]
[BlackTeam "San Sebastian de los Reyes"]
[WhiteTeamCountry "ESP"]
[BlackTeamCountry "ESP"]

1. e4 c5 2. Nf3 Nc6 3. d4 cxd4 4. Nxd4 e5 5. Nb5 d6 6. c4 a6 7. N5c3 Nf6 8. Bd3 Be7 9. O-O O-O 10. b3 a5 11. Na3 Bd7 12. Nab5 Na7 13. a4 Nxb5 14. axb5 Rc8 15. Qe1 Qc7 16. Be3 Be6 17. b6 Qc6 18. Rxa5 Bd8 19. Nd5 Bxd5 20. exd5 Qd7 21. f3 Ne8 22. Qb4 f5 23. Rfa1 Bf6 24. Qa4 Qe7 25. Bxf5 e4 26. Bxc8 exf3 27. Be6+ Kh8 28. Qd7 Qxd7 29. Bxd7 1-0

[Event "Madrid-chT 2425"]
[Site "Madrid"]
[Date "2025.02.09"]
[Round "9.1"]
[White "Plazuelo Pascual, Juan"]
[Black "Elissalt Cardenas, Hector"]
[Result "1-0"]
[WhiteElo "2443"]
[BlackElo "2310"]
[PlyCount "119"]
[GameId "2143350754320644"]
[EventDate "2024.11.24"]
[EventType "team-tourn"]
[EventRounds "14"]
[EventCountry "ESP"]
[SourceVersionDate "2011.03.15"]
[WhiteTeam "Alcorcon Diagonal"]
[BlackTeam "Tajamar"]
[WhiteTeamCountry "ESP"]
[BlackTeamCountry "ESP"]

{[%evp 0,71,11,25,35,124,24,28,36,20,28,31,35,38,45,43,38,35,43,27,67,64,56,52,90,74,78,58,99,64,151,152,152,86,138,112,-4,28,119,47,38,93,30,23,30,-18,171,181,112,105,58,41,51,63,38,55,41,153,451,222,417,442,496,481,500,420,195,419,450,277,362,477,115,460]} 1. e4 d6 2. d4 Nf6 3. Nc3 e5 4. Nf3 Nbd7 5. h3 Be7 6. g4 c6 7. g5 Nh5 8. Be3 g6 9. a4 a5 10. Qd2 O-O 11. Be2 Re8 12. h4 exd4 13. Nxd4 Ne5 14. O-O-O Bg4 15. f3 Bd7 16. Rhg1 Qc8 17. Rdf1 d5 18. exd5 Bb4 19. f4 Ng4 20. Bxg4 Bxg4 21. f5 gxf5 22. dxc6 Ra6 23. Qd3 bxc6 24. Bd2 Rd8 25. Qc4 c5 26. Rxg4 fxg4 27. Qxf7+ Kh8 28. Qxh5 Qb7 29. Nde2 Qg2 30. Rg1 Qf2 31. Qxg4 Rf8 32. Re1 Rd6 33. Rd1 Rfd8 34. Qf4 Qxf4 35. Bxf4 Rxd1+ 36. Nxd1 Be1 37. h5 Re8 38. Ndc3 Kg8 39. Kd1 Bf2 40. Nd5 Kf7 41. c4 Re4 42. b3 Bd4 43. Kd2 Bf2 44. Kd3 Re6 45. Bd2 Re5 46. Bf4 Re6 47. Bc7 Bh4 48. g6+ hxg6 49. hxg6+ Rxg6 50. Bxa5 Ke8 51. Bb6 Be7 52. a5 Bd8 53. Nef4 Rh6 54. Kc3 Rh1 55. Bxd8 Kxd8 56. Ne6+ Kd7 57. Nxc5+ Kc6 58. Nd3 Ra1 59. b4 Ra3+ 60. Kd4 1-0

[Event "Madrid-chT 2425"]
[Site "Madrid"]
[Date "2025.02.09"]
[Round "9.2"]
[White "Abbasifar, Hasan"]
[Black "Horcajuelo Rocamora, Martin"]
[Result "1/2-1/2"]
[WhiteElo "2308"]
[BlackElo "2367"]
[PlyCount "54"]
[GameId "2143425531961411"]
[EventDate "2024.11.24"]
[EventType "team-tourn"]
[EventRounds "14"]
[EventCountry "ESP"]
[SourceVersionDate "2011.03.15"]
[WhiteTeam "Tajamar"]
[BlackTeam "Alcorcon Diagonal"]
[WhiteTeamCountry "ESP"]
[BlackTeamCountry "ESP"]

1. e4 c5 2. Nf3 d6 3. d4 cxd4 4. Nxd4 Nf6 5. Nc3 a6 6. Be2 e5 7. Nb3 Be6 8. Be3 Nbd7 9. Qd3 Rc8 10. Nd5 Bxd5 11. exd5 Nb6 12. Bxb6 Qxb6 13. O-O g6 14. c4 Bg7 15. Nd2 O-O 16. b4 Qxb4 17. Rab1 Qa5 18. Rxb7 Rb8 19. Rb3 Nd7 20. Ra3 Qc7 21. Nb3 Rb6 22. Qe3 Rc8 23. h4 Nc5 24. Na5 Qe7 25. h5 Rb2 26. Nc6 Qf8 27. hxg6 hxg6 1/2-1/2

[Event "Madrid-chT 2425"]
[Site "Madrid"]
[Date "2025.02.09"]
[Round "9.3"]
[White "Toncheva, Nadya"]
[Black "Mkrtchyan, Levon"]
[Result "1-0"]
[WhiteElo "2311"]
[BlackElo "2265"]
[PlyCount "61"]
[GameId "2143426496704596"]
[EventDate "2024.11.24"]
[EventType "team-tourn"]
[EventRounds "14"]
[EventCountry "ESP"]
[SourceVersionDate "2011.03.15"]
[WhiteTeam "Alcorcon Diagonal"]
[BlackTeam "Tajamar"]
[WhiteTeamCountry "ESP"]
[BlackTeamCountry "ESP"]

1. d4 Nf6 2. c4 c5 3. d5 e5 4. Nc3 d6 5. e4 Be7 6. Bd3 O-O 7. Nge2 Na6 8. O-O Nc7 9. f3 a6 10. Be3 Rb8 11. a4 b6 12. Qd2 Bd7 13. g4 b5 14. Ng3 Nfe8 15. Kg2 g6 16. h4 Bxh4 17. Bh6 Ng7 18. Rh1 Bf6 19. Rh2 g5 20. Rah1 b4 21. Nd1 Nce8 22. Ne3 Be7 23. Bxg7 Nxg7 24. Rxh7 f6 25. Kg1 Kf7 26. Qh2 Rg8 27. Ngf5 Bxf5 28. Nxf5 Kf8 29. Nxg7 Rxg7 30. Rxg7 Kxg7 31. Qh7+ 1-0

[Event "Madrid-chT 2425"]
[Site "Madrid"]
[Date "2025.02.09"]
[Round "9.4"]
[White "Rodriguez Avila, Alvaro"]
[Black "Bravo De la Vega, Alvaro"]
[Result "0-1"]
[WhiteElo "2260"]
[BlackElo "2142"]
[PlyCount "116"]
[GameId "2143428030759003"]
[EventDate "2024.11.24"]
[EventType "team-tourn"]
[EventRounds "14"]
[EventCountry "ESP"]
[SourceVersionDate "2011.03.15"]
[WhiteTeam "Tajamar"]
[BlackTeam "Alcorcon Diagonal"]
[WhiteTeamCountry "ESP"]
[BlackTeamCountry "ESP"]

{[%evp 0,116,11,12,21,-13,21,0,16,26,19,51,17,39,2,0,12,12,22,11,24,24,39,35,32,72,73,96,68,94,73,48,-74,-6,0,16,21,36,17,-31,-75,16,8,-36,22,-252,-133,-105,-117,-30,-64,-122,-218,-140,-131,-169,-1,-21,-124,-80,9,-152,-145,-241,-257,-253,-250,-214,-182,-315,-267,-258,-230,-229,-239,-246,-213,-300,-168,-300,-248,-294,-278,-306,-323,-350,-372,-412,-380,-426,-397,-406,-429,-439,-409,-457,-429,-383,-370,-427,-404,-426,-378,-420,-422,-421,-384,-689,-749,-1466,-735,-750,-715,-758,-541,-631,-664,-835,-760]} 1. e4 c5 2. Nf3 d6 3. d4 cxd4 4. Nxd4 Nf6 5. Nc3 a6 6. Bg5 e6 7. f4 Be7 8. Qf3 Qc7 9. O-O-O Nbd7 10. g4 h6 11. Bxf6 Bxf6 12. h4 Nb6 13. g5 Bxd4 14. Rxd4 Qc5 15. Qf2 hxg5 16. e5 gxf4 17. Ne4 Qxe5 18. Nxd6+ Ke7 19. Nxf7 Kxf7 20. Rxf4+ Ke8 21. Bg2 Nd7 22. Re1 Qd6 23. Qg3 Rh6 24. Rd1 Qe7 25. Be4 Nf6 26. Bg6+ Kf8 27. Qg5 Bd7 28. Rdf1 Rxg6 29. Qxg6 Be8 30. Qg5 Rd8 31. h5 Rd5 32. Qg3 Bxh5 33. Rc4 Qd7 34. b3 e5 35. Qc3 Rd1+ 36. Rxd1 Qxd1+ 37. Kb2 Qd6 38. Rh4 Qd7 39. Rc4 Qd6 40. Rh4 Kf7 41. Qc8 b5 42. Qb7+ Kg6 43. a4 e4 44. axb5 Qe5+ 45. Ka2 axb5 46. Rh1 Qc5 47. Rh2 Bf3 48. Qb8 Qg5 49. Rh3 Bg4 50. Rg3 e3 51. Qd6 Qf5 52. Qd1 Kf7 53. Qa1 Qxc2+ 54. Ka3 Qc5+ 55. Ka2 Qa7+ 56. Kb2 Qxa1+ 57. Kxa1 e2 58. Rg1 Bh3 0-1

[Event "Madrid-chT 2425"]
[Site "Madrid"]
[Date "2025.02.09"]
[Round "9.5"]
[White "Neagu, Roberto Florin"]
[Black "Rodriguez Lopez, David"]
[Result "1/2-1/2"]
[WhiteElo "2197"]
[BlackElo "2179"]
[PlyCount "108"]
[GameId "2143428597522551"]
[EventDate "2024.11.24"]
[EventType "team-tourn"]
[EventRounds "14"]
[EventCountry "ESP"]
[SourceVersionDate "2011.03.15"]
[WhiteTeam "Alcorcon Diagonal"]
[BlackTeam "Tajamar"]
[WhiteTeamCountry "ESP"]
[BlackTeamCountry "ESP"]

{[%evp 0,108,19,36,13,25,31,15,13,13,13,19,26,26,13,17,-6,14,15,1,12,11,-6,24,35,25,30,20,33,23,-55,30,41,0,4,5,7,-12,0,-27,-13,-18,1,28,10,20,40,22,83,138,93,80,89,75,68,82,25,81,99,111,122,119,129,147,167,123,134,123,168,0,-10,-10,-50,-50,-50,25,-80,-68,-63,-15,-113,46,2,24,4,50,32,77,61,1,1,177,100,120,14,142,13,63,10,1,1,5,13,1,30,1,67,1,1,1,1]} 1. e4 e5 2. Nf3 Nc6 3. Bb5 a6 4. Ba4 Nf6 5. O-O Be7 6. Re1 b5 7. Bb3 O-O 8. a4 Bb7 9. d3 d6 10. Bd2 Re8 11. Nc3 b4 12. Ne2 d5 13. Ng3 dxe4 14. Ng5 Rf8 15. N5xe4 Nxe4 16. Nxe4 Nd4 17. Bc4 Bd5 18. c3 bxc3 19. Nxc3 Bxc4 20. dxc4 Bg5 21. Rxe5 Bxd2 22. Rd5 Qh4 23. g3 Qe7 24. Rxd4 Bxc3 25. bxc3 Qc5 26. Qd3 Rab8 27. Rd5 Qc6 28. a5 h6 29. Re1 Rfe8 30. Rxe8+ Qxe8 31. h4 Qc6 32. Rd8+ Rxd8 33. Qxd8+ Kh7 34. Qd5 Qxd5 35. cxd5 Kg6 36. g4 Kf6 37. f4 Ke7 38. Kf2 Kd6 39. c4 Kc5 40. Ke3 Kxc4 41. Ke4 Kb5 42. Kd4 f6 43. g5 hxg5 44. fxg5 fxg5 45. hxg5 g6 46. Ke5 Kxa5 47. Kf6 Kb4 48. Kxg6 a5 49. Kf5 a4 50. g6 a3 51. g7 a2 52. g8=Q a1=Q 53. Qb8+ Kc5 54. Qxc7+ Kxd5 1/2-1/2

[Event "Madrid-chT 2425"]
[Site "Madrid"]
[Date "2025.02.09"]
[Round "9.1"]
[White "Almeida Quintana, Omar"]
[Black "Candela Perez, Jose"]
[Result "1-0"]
[WhiteElo "2486"]
[BlackElo "2292"]
[PlyCount "93"]
[GameId "2144219761345672"]
[EventDate "2024.11.24"]
[EventType "team-tourn"]
[EventRounds "14"]
[EventCountry "ESP"]
[SourceVersionDate "2011.03.15"]
[WhiteTeam "Collado Villalba"]
[BlackTeam "Alcala de Henares"]
[WhiteTeamCountry "ESP"]
[BlackTeamCountry "ESP"]

1. d4 d5 2. Nf3 Nf6 3. c4 c6 4. Nc3 dxc4 5. a4 Bf5 6. Ne5 Nbd7 7. Nxc4 Qc7 8. g3 e5 9. dxe5 Nxe5 10. Bf4 Nfd7 11. Bg2 g5 12. Ne3 gxf4 13. Nxf5 O-O-O 14. Qc2 Ng6 15. O-O Kb8 16. Rfc1 a5 17. Ne4 h5 18. Rd1 fxg3 19. hxg3 h4 20. Qb3 hxg3 21. Nexg3 Nde5 22. Rxd8+ Qxd8 23. Rd1 Qc7 24. Qe3 Bb4 25. Qd4 Ne7 26. Ne3 Rg8 27. Ne4 c5 28. Qd6 f5 29. Nf6 Qxd6 30. Rxd6 Rg6 31. Rd8+ Ka7 32. Nfd5 N7c6 33. Re8 Ng4 34. Nc4 Nf6 35. Nxf6 Rxf6 36. f4 Ka6 37. Ra8+ Na7 38. e3 b5 39. axb5+ Kxb5 40. Ne5 Ka4 41. Rxa7 Kb3 42. Kf2 Rd6 43. Bh3 Rd2+ 44. Kf3 Rxb2 45. Bxf5 Kc3 46. Be6 Rb1 47. f5 1-0